000 01190nam a22002537a 4500
005 20170124103133.0
010 _aB-158190
020 _c125.00
035 _aB-158190
037 _bCen Lib/Ret
040 _aDPL
_bHN
082 _a371.42
_bओबरा
100 _aओबराय, एस.सी.
_984687
245 _aशैक्षिक तथा व्यावसायिक निर्देशन एवं परामर्श /
_cएस.सी.ओबराय
246 _aShaishik tatha vyavsayik nirdeshan ewam paramarsh /
_bby S.C.Oberoi
260 _bइंटरनेशनल पब्लिशिंग हाउस
_aमेरठ
_c2005
270 _bमेरठ
_e250001
300 _avii,319पृ.
_c20सेमी(सजिल्द)
650 _aनिर्देशन -- अर्थ एवं कार्य-शेत्र
_984689
650 _aनिर्देशन सेवाएँ -- राज्य और केन्द्रीय
_984691
650 _aDirector - Economics and business sector
_984692
650 _aDirected Services - state and central
_984694
942 _2ddc
_cHN
_h371.42
_mओबरा
999 _c119397
_d119397